000 00679nam a2200241 a 4500
008
020 _a8186321268 (pbk.)
049 _aMAIN
090 _aTS176 VAI
100 1 _aVaishwanar, R. S.
245 1 0 _aDesign and manufacturing /
_cR. S. Vaishwanar.
260 _aNew Delhi :
_bJain brothers,
_c2001.
300 _axx, 701 [27] p. :
_bill. ;
_c22 cm.
500 _aIncludes index.
650 _aManufacturing industries
_xDesign.
650 _aManufactures
_xDesign.
650 _aDesign.
907 _a.b10126284
_b20-02-08
_c11-06-04
003
005 20230123133737.0
040 _cNUST
942 _cBOOKS
_kTS176 VAI
999 _c153872
_d153872